Nghiên cứu và phát triển Game 3D trên đồ họa Opengl
Giới thiệu về công cụ sử dụng: Giới thiệu về ngôn ngữ lập trình, trình biên dịch, các ưu và nhược điểm của nó trong lập trình game. Giới thiệu về các công cụ sử dụng trong trong suốt quá trình thực hiện khóa luận. Cơ sở lý thuyết: Trình bày các vấn đề quan trọng trong lập trình 3D, việc sử dụng thư...
Bewaard in:
| Hoofdauteur: | |
|---|---|
| Andere auteurs: | |
| Formaat: | Boek |
| Gepubliceerd in: |
Đà Nẵng
Đại học Sư phạm, Đại học Đà Nẵng
2012
|
| Onderwerpen: | |
| Tags: |
Voeg label toe
Geen labels, Wees de eerste die dit record labelt!
|
| Thư viện lưu trữ: | Mạng thư viện Đại học Đà Nẵng |
|---|
| LEADER | 02457nam a2200337 4500 | ||
|---|---|---|---|
| 001 | 000017274 | ||
| 003 | 13690 | ||
| 005 | 20130327150304.0 | ||
| 008 | 130327s2012 sd | ||
| 082 | |a 005.4 |b PH-A | ||
| 100 | 1 | |a Phan Ngọc An | |
| 245 | |a Nghiên cứu và phát triển Game 3D trên đồ họa Opengl |c Phan Ngọc An ; Nguyễn Thanh Tuấn hướng dẫn |k Khóa luận tốt nghiệp | ||
| 260 | |a Đà Nẵng |b Đại học Sư phạm, Đại học Đà Nẵng |c 2012 | ||
| 300 | |a 69 tr. |b Hình mh. |c 29 cm. |e Đĩa CD, bản tóm tắt | ||
| 500 | |a Khóa luận tốt nghiệp đại học. Chuyên ngành: Cử nhân công nghệ thông tin 2 | ||
| 504 | |a Mục lục đầu trang, tài liệu tham khảo tr. 73 - 74, phụ lục [13 tr.] | ||
| 520 | |a Giới thiệu về công cụ sử dụng: Giới thiệu về ngôn ngữ lập trình, trình biên dịch, các ưu và nhược điểm của nó trong lập trình game. Giới thiệu về các công cụ sử dụng trong trong suốt quá trình thực hiện khóa luận. Cơ sở lý thuyết: Trình bày các vấn đề quan trọng trong lập trình 3D, việc sử dụng thư viện đồ họa OpenGL trong lập trình game 3D và các kỹ thuật cơ bản trong lập trình game. Phân tích và thiết kế hệ thống: Nêu lên kịch bản của game, từ kịch bản game xây dựng các chức năng của chương trình và thiết kế module cho chương trình, trình bày mô hình hoạt động của chương trình. Cài đặt chương trình và kết quả của chương trình: Trình bày các thuật toán được cài đặt trong chương trình và kết quả demo của chương trình. | ||
| 600 | 1 | 4 | |b Vua |c Đinh Tiên Hoàng |
| 650 | 0 | 4 | |a Game |v Khóa luận tốt nghiệp |x Ứng dụng tin học trên mobile |
| 653 | |a Khoa Tin |a Đồ họa Opengl |a Game 3D |a Ứng dụng tin học | ||
| 700 | |a Nguyễn Thanh Tuấn |e Hướng dẫn | ||
| OWN | |a LSP | ||
| AVA | |a UDN50 |b LSP |d 005.4 PH-A |e available |t Error 5001 Not defined in file expand_doc_bib_avail. |f 1 |g 0 |h N |i 0 |k 1 | ||
| 999 | |a From the UDN01 | ||
| AVA | |a UDN50 |b LSP |d 005.4 PH-A |e available |t Error 5001 Not defined in file expand_doc_bib_avail. |f 1 |g 0 |h N |i 0 |k 1 | ||
| TYP | |a Monograph | ||
| TYP | |a Printed language | ||
| 980 | |a Mạng thư viện Đại học Đà Nẵng | ||